Visualizzazione normale
Vista MARC
- Bank H.
di Personal Name
Records bibliografici associati: 1
001 - CONTROL NUMBER
- control field: 2001
003 - CONTROL NUMBER IDENTIFIER
- control field: IT-RoPau
005 - DATE AND TIME OF LATEST TRANSACTION
- control field: 20131114155751.0
008 - FIXED-LENGTH DATA ELEMENTS
- fixed length control field: 131114|| aca||aabn | a|a d
040 ## - CATALOGING SOURCE
- Original cataloging agency: IT-RoPau
- Transcribing agency: IT-RoPau
100 ## - HEADING--PERSONAL NAME
- Personal name: Bank H.
- Dates associated with a name: Codice autore SPICS: 23199
- Relator term: Autore
- Name of part/section of a work: Just Keep On Walking
670 ## - SOURCE DATA FOUND
- Source citation: Work cat.: (IT-RoPau)99931: AA.VV. 794, Disco (Jbt 784)